000 01026nam a22003257a 4500
001 0042917
003 KOHA_MİRAKIL
005 20260207003329.0
007 ta
008 130730b2011 tu |||gr||||#||||1|tur |
020 _a9789750405839
040 _aTR-BiSEU
_btur
_cTR-BiSEU
_erda
041 0 _atur
044 _ctu
050 _aPL242
_b.S83 2011
100 1 _aSuda, Orhan.
245 1 _aOrhan Suda- Halim Spatar mektuplar yurtdışından- İstanbul'dan/
_cOrhan Suda ; Orhan Suda, Halim Spatar.
250 _a1. Baskı
264 1 _aİstanbul :
_bLiteratür Yayınları
_c2011
300 _a226 sayfa ;
_c24 cm.
336 _ametin
_btxt
_2rdacontent
337 _aaracısız
_bn
_2rdamedia
338 _acilt
_bnc
_2rdacarrier
490 1 _aLiteratür Yayınları ;
_v624.
490 1 _aBiyogrfi- Otobiyografi-Anı ;
_v08.
650 0 _aTürk Edebiyatı--Mektuplar.
_979831
830 1 _aLiteratür Yayınları ;
_v624.
_92203
830 1 _aBiyogrfi- Otobiyografi-Anı ;
_v08.
_979832
942 _2lcc
_cBK
999 _c42740
_d42740